Návrat

Bibliographic Details
Main Author: Olos, Rado, 1970- (Author)
Format: Article
Language:Slovak
Subjects:

MARC

LEADER 00000nab a2200000 a 4500
001 vtls000515943
003 SK-MaSNL
005 20260304094835.0
008 250425c1994 xo 0 slo
015 |a SNBRB19rr/mm-uuuuu 
035 |a CL0516081 
035 |a urn:nbn:sk:snk-abbocl 
035 |a (urnnbn)urn:nbn:sk:snk:ar-002m4a 
035 |a (uuid)4440d2e8-9bf9-4a87-9ecf-3c40a7be5778 
040 |a SNKBUCL  |b slo  |c SNKBUCL  |e AACR2 
041 0 |a slo 
044 |a xo  |c SK 
080 |a 885.4-3  |2 1981 
100 1 |a Olos, Rado,  |d 1970-  |4 aut  |9 38863 
245 1 0 |a Návrat  |c Rado Olos 
500 |a Autor získal za túto poviedku cenu Gustáva Reussa 1993 
650 0 7 |a poviedky fantastické  |2 snkbucl  |9 899985 
655 7 |a články z novín a časopisov  |2 snkbucl  |9 267496 
773 0 |t Dotyky  |g Roč. 6, č. 3-4 (1994), s. 7-10 
850 |a Slovenská národná knižnica 
852 |a Slovenská národná knižnica 
958 |a article15 
958 |a OND 
958 |a RK 
958 |a LX 
958 |a EUIPO 
992 |a RBX 
999 |c 2829233  |d 2831163